| 000 | 00602nam 22001693 4500 | ||
|---|---|---|---|
| 001 | 201151 | ||
| 090 | _a201151 | ||
| 100 | _a20260311d u||y0pory50 ba | ||
| 200 |
_aOs malefícios da literatura, do amor e da civilização _eensaios sobre Camilo Castelo Branco _fJoão Camilo dos Santos |
||
| 210 |
_aLisboa _cFim de Século Edições _d1992 |
||
| 215 |
_a145 p. _cbrochado _d24 cm |
||
| 606 |
_93661 _aCrítica Literária.Estudos Literários |
||
| 675 |
_a82.09 _vPT _zpor |
||
| 700 |
_aSantos _bJoão Camilo _cPoeta e ensaísta _f1943- _916782 |
||
| 801 |
_aPT _bBMMN _gRPC |
||
| 830 |
_cFernando _fFernando |
||
| 990 | _cLIVROS | ||